| 000 | 00452pab a2200157 454500 | ||
|---|---|---|---|
| 008 | 180718b1995 xxu||||| |||| 00| 0 eng d | ||
| 100 | _aPortugal, Pedro | ||
| 245 |
_aShort and long-term unemployment _ba parametric model with time varying effects. |
||
| 260 | _c1995 | ||
| 300 | _ap.205-27 | ||
| 362 | _aMay | ||
| 650 | _aUnemployment - U.K. | ||
| 700 | _aAddison, John T. | ||
| 773 | _aOxford Bulletin of Economics and Statistics | ||
| 909 | _a28851 | ||
| 999 |
_c28851 _d28851 |
||